000 00411nam a2200169Ia 4500
008 180921t2019 xxu||||| |||| 00| 1 sin d
041 _asin
080 _aX8C31
_bIRU
100 _aIrugalbandara, Sidangana
245 _aසිදංගනා 1
246 _aSidangana 1
260 _bAuthor
_as.i.
_c2019
300 _a366p., 21cm
942 _cBK
999 _c8584
_d8584
003 LK-CoDNM
040 _aLK-CoDNM
_dLK-CoDNM
_eLK-CoDNM